Alternatívny prístup stanovenia strategickej pozície podniku vo fáze stabilizácie a možnosti jeho hodnotenia

Návrh postupu pri určovaní strategickej pozície podniku vo fáze stabilizácie, prípadne aj v iných fázach životného cyklu pri súčasnom zohľadnení odvetvových špecifík.

Gespeichert in:
Bibliographische Detailangaben
1. Verfasser: Neumannová, Anna
Weitere Verfasser: Síbertová, Linda
Format: Buchkapitel
Sprache:Slowakisch
Schlagworte:
Tags: Tag hinzufügen
Keine Tags, Fügen Sie das erste Tag hinzu!

MARC

LEADER 00000naa a2200000 4500
001 0181557
005 20240502073120.0
041 0 |a slo 
044 |a SK 
245 1 0 |a Alternatívny prístup stanovenia strategickej pozície podniku vo fáze stabilizácie a možnosti jeho hodnotenia  |c Anna Neumannová, Linda Síbertová 
520 |a Návrh postupu pri určovaní strategickej pozície podniku vo fáze stabilizácie, prípadne aj v iných fázach životného cyklu pri súčasnom zohľadnení odvetvových špecifík. 
610 2 0 |a diagnostika podniková 
610 2 0 |a procesy podnikové 
610 2 0 |a stabilizácia podniku 
610 2 0 |a situácia finančná podniku 
610 2 0 |a cyklus podniku životný 
100 1 |a Neumannová, Anna 
700 1 |a Síbertová, Linda